Online katalóg knižníc regiónu Turca

Otcovi som odpustila (Record no. 22424)

MARC details
000 -LEADER
fixed length control field 01986cam a2200565 a 4500
001 - CONTROL NUMBER
control field 22424
003 - CONTROL NUMBER IDENTIFIER
control field SK-KTurca
005 - DATE AND TIME OF LATEST TRANSACTION
control field 20260328103837.0
008 - FIXED-LENGTH DATA ELEMENTS--GENERAL INFORMATION
fixed length control field 240318s2014 xo g 000 faslo
015 ## - NATIONAL BIBLIOGRAPHY NUMBER
National bibliography number SNBA2014/03
020 ## - INTERNATIONAL STANDARD BOOK NUMBER
International Standard Book Number 9788055137261
Qualifying information (viaz.)
035 ## - SYSTEM CONTROL NUMBER
System control number 5ADD4C4C-7DCE-4B01-A5E8-0453CF27145E
035 ## - SYSTEM CONTROL NUMBER
System control number urn:nbn:sk:snk-amktog
035 ## - SYSTEM CONTROL NUMBER
System control number urn:nbn:sk:snk-am004s54
040 ## - CATALOGING SOURCE
Original cataloging agency SKPK
Language of cataloging slo
Transcribing agency SKPK
Modifying agency SNK
Description conventions AACR2
041 1# - LANGUAGE CODE
Language code of text/sound track or separate title slo
Language code of original eng
043 ## - GEOGRAPHIC AREA CODE
Geographic area code n-us---
044 ## - COUNTRY OF PUBLISHING/PRODUCING ENTITY CODE
MARC country code xo
ISO country code SK
072 #7 - SUBJECT CATEGORY CODE
Subject category code 821.111(73)-3
Subject category code subdivision Americká próza
Source konspekt
072 #7 - SUBJECT CATEGORY CODE
Subject category code 929
Subject category code subdivision Biografie
Source konspekt
080 ## - UNIVERSAL DECIMAL CLASSIFICATION NUMBER
Universal Decimal Classification number 821.111(73)-31
Edition identifier 2001
080 ## - UNIVERSAL DECIMAL CLASSIFICATION NUMBER
Universal Decimal Classification number 929
Edition identifier 2001
080 ## - UNIVERSAL DECIMAL CLASSIFICATION NUMBER
Universal Decimal Classification number 316.346.2-055.2:21/29-1/-9
Edition identifier 2001
080 ## - UNIVERSAL DECIMAL CLASSIFICATION NUMBER
Universal Decimal Classification number 159.923.2:17.024.3
Edition identifier 2001
080 ## - UNIVERSAL DECIMAL CLASSIFICATION NUMBER
Universal Decimal Classification number (73)
Edition identifier 2001
080 ## - UNIVERSAL DECIMAL CLASSIFICATION NUMBER
Universal Decimal Classification number (0:82-312.6)
Edition identifier 2001
100 1# - MAIN ENTRY--PERSONAL NAME
Personal name Mahmoody, Mahtob,
Dates associated with a name 1979-
Relationship aut
240 14 - UNIFORM TITLE
Uniform title The Needful Threads
Language of a work Slovensky
245 10 - TITLE STATEMENT
Title Otcovi som odpustila
Remainder of title príbeh dievčatka z bestsellera Bez dcéry neodídem
Statement of responsibility, etc. Mahtob Mahmoody ; [z anglického originálu preložil Otakar Kořínek, verše preložila Jana Kantorová-Báliková]
250 ## - EDITION STATEMENT
Edition statement [1. vyd.]
260 ## - PUBLICATION, DISTRIBUTION, ETC.
Place of publication, distribution, etc. Bratislava
Name of publisher, distributor, etc. Ikar
Date of publication, distribution, etc. 2014
300 ## - PHYSICAL DESCRIPTION
Extent 351 s.
Dimensions 21 cm
504 ## - BIBLIOGRAPHY, ETC. NOTE
Bibliography, etc. note Slovník
600 17 - SUBJECT ADDED ENTRY--PERSONAL NAME
Personal name Mahmoody, Mahtob,
Dates associated with a name 1979-
Source of heading or term SNKMA
648 #7 - SUBJECT ADDED ENTRY--CHRONOLOGICAL TERM
Chronological term 20.-21. stor
Source of heading or term SNKPH
648 #7 - SUBJECT ADDED ENTRY--CHRONOLOGICAL TERM
Chronological term 20th-21st centuries
Source of heading or term SNKPHeng
650 07 - SUBJECT ADDED ENTRY--TOPICAL TERM
Topical term or geographic name entry element ženy
Geographic subdivision Spojené štáty americké
Source of heading or term SNKPH
650 07 - SUBJECT ADDED ENTRY--TOPICAL TERM
Topical term or geographic name entry element ženy a náboženstvo
Source of heading or term SNKPH
650 07 - SUBJECT ADDED ENTRY--TOPICAL TERM
Topical term or geographic name entry element vyrovnanie sa s minulosťou
Source of heading or term SNKPH
650 07 - SUBJECT ADDED ENTRY--TOPICAL TERM
Topical term or geographic name entry element Women
Geographic subdivision United States
Source of heading or term SNKPHeng
650 07 - SUBJECT ADDED ENTRY--TOPICAL TERM
Topical term or geographic name entry element Women and religion
Source of heading or term SNKPHeng
650 07 - SUBJECT ADDED ENTRY--TOPICAL TERM
Topical term or geographic name entry element Coming to terms with the past
Source of heading or term SNKPHeng
655 #7 - INDEX TERM--GENRE/FORM
Genre/form data or focus term americké romány
Source of term SNKPH
655 #7 - INDEX TERM--GENRE/FORM
Genre/form data or focus term autobiografické romány
Source of term SNKPH
655 #7 - INDEX TERM--GENRE/FORM
Genre/form data or focus term American fiction
Source of term SNKPHeng
655 #7 - INDEX TERM--GENRE/FORM
Genre/form data or focus term Autobiographical reminiscences
Source of term SNKPHeng
700 1# - ADDED ENTRY--PERSONAL NAME
Personal name Kořínek, Otakar,
Dates associated with a name 1946-2025
Relationship trl
700 1# - ADDED ENTRY--PERSONAL NAME
Personal name Kantorová-Báliková, Jana,
Dates associated with a name 1951-
Relationship trl
942 ## - ADDED ENTRY ELEMENTS (KOHA)
Source of classification or shelving scheme Dewey Decimal Classification
Koha item type Krásna literatúra pre dospelých
Suppress in OPAC No
Holdings
Stav vyradenia Strata Poškodenie Spôsob nadobudnutia Domovská knižnica Aktuálna knižnica Dátum nadobudnutia Cena Total checkouts Čiarový kód exemplára Date last seen Typ exemplára
      Kúpa Obecná knižnica Horná Štubňa Obecná knižnica Horná Štubňa 28.03.2026 10.90   9788055137261 28.03.2026 Krásna literatúra pre dospelých
Projekt je podporený Slovenskou asociáciou knižníc
Prevádzkuje Turčianska knižnica Martin 2026